Curso de direito penal : (Record no. 519)

MARC details
000 -LÍDER
Campo Fixo de Controle 00583nam a2200217 a 4500
001 - NÚMERO DE CONTROLE
Campo de Controle 519
003 - IDENTIFICAÇÃO DO NÚMERO DE CONTROLE
Campo de Controle BR-CuiBMT
005 - DATA E HORA DA ÚLTIMA ATUALIZAÇÃO
Campo de Controle 20231129055257.0
008 - DADOS FIXOS
Dados Fixos 231108b2008 rjb 000 0 por d
020 ## - INTERNATIONAL STANDARD BOOK NUMBER
Nº do ISBN 9788530927035
040 ## - AGÊNCIA CATALOGADORA
Código da Agência Catalogadora BR-CuiBMT
Agência que transcreveu o registro BR-CuiBMT
080 ## - Nº DA CLASSIFICAÇÃO DECIMAL UNIVERSAL
Nº edição CDU 2007
Nº Class. CDU 343.2
090 ## - NÚMERO DE CHAMADA
Nº classificação 343.2
Cutter B817c
100 1# - ENTRADA PRINCIPAL -- AUTOR PESSOAL
Nome pessoal Brandão, Cláudio,
Datas associadas ao nome 1974-
245 10 - TÍTULO PRINCIPAL
Título principal Curso de direito penal :
Subtítulo parte geral /
Indicação de responsabilidade Cláudio Brandão.
250 ## - EDIÇÃO
Edição [1. ed.]
260 ## - PUBLICAÇÃO, DISTRIBUIÇÃO, ETC.
Local de publicação Rio de Janeiro :
Editora Forense,
Data 2008.
300 ## - DESCRIÇÃO FÍSICA
N. páginas ou volumes 413 p. ;
Dimensões 24 cm
650 ## - ASSUNTO TÓPICO
Cabeçalho tópico ou nome geográfico Direito penal
Subdivisão geográfica Brasil
942 ## - ELEMENTOS DE ENTRADA ADICIONAIS (KOHA)
Fonte de classificação ou esquema de arquivamento Classificação Decimal Universal
Tipo de item do Koha Livros
Holdings
Estado: removido Estado: perdido Fonte de classificação ou esquema de arquivamento Estado: danificado Indisponível para empréstimo Localização permanente Localização atual Data de aquisição Total Checkouts Número de Chamada completo Código de barras Date last seen Número do exemplar Preço efetivo a partir de Tipo de item (Koha)
    Classificação Decimal Universal     Biblioteca da Escola Superior de Contas do TCE/MT Biblioteca da Escola Superior de Contas do TCE/MT 23/09/2008   343.2 B817c BIBTCEMT23110284 08/11/2023 Ex. 1 08/11/2023 Livros

Powered by Koha